000 00307nam a2200121Ia 4500
008 220204s9999 xx 000 0 und d
082 _a973
_bGUR
100 _aJohn A
245 0 _aAmerican nation: A history of the United States
250 _aEd.4
260 _aNew York
_bHarper and Row
_c1966
942 _cBK
999 _c33294
_d33294